Разработка вопросов пожарной профилактики в дипломных проектах: учебное пособие

গ্রন্থ-পঞ্জীর বিবরন
প্রধান লেখক: Гончар С. Т. Светлана Тихоновна
ভাষা:রুশ
প্রকাশিত: Саратов, Изд-во Саратовского ун-та, 1984
বিষয়গুলি:
বিন্যাস: MixedMaterials গ্রন্থ
KOHA link:https://koha.lib.tpu.ru/cgi-bin/koha/opac-detail.pl?biblionumber=93845

MARC

LEADER 00000nam0a2200000 4500
001 93845
005 20231031105414.0
035 |a (RuTPU)RU\TPU\book\100500 
090 |a 93845 
100 |a 20060403d1984 m y0rusy50 ca 
101 0 |a rus 
102 |a RU 
105 |a y j 001zy 
200 1 |a Разработка вопросов пожарной профилактики в дипломных проектах  |e учебное пособие  |f С. Т. Гончар 
210 |a Саратов  |c Изд-во Саратовского ун-та  |d 1984 
215 |a 86 с. 
320 |a Библиогр.: с. 81-84. 
610 1 |a пожарная профилактика 
610 1 |a дипломные проекты 
610 1 |a пожаровзрывоопасность 
610 1 |a средства пожаротушения 
610 1 |a учебные пособия 
675 |a 614.841  |v 3 
700 1 |a Гончар  |b С. Т.  |g Светлана Тихоновна 
801 1 |a RU  |b 63413507  |c 20060403  |g PSBO 
801 2 |a RU  |b 63413507  |c 20070130  |g PSBO 
942 |c BK